000 00571nam a2200169Ia 4500
003 GCL
008 140319s9999 xx 000 0 ara d
040 _aGCL /
_cGCL
082 0 4 _aد
_b050
_bش ز
245 1 0 _aالزهور ( العدد 69 يوليو 2006 )
260 _a[S.N] :
_bشركة النيل للاعلام والنشر المحدودة ،
_c2006
650 0 4 _aامراض الشيخوخة
650 0 4 _aفلسطين - الاحوال السياسية
650 0 4 _aجرئم ضد الانسانية
650 0 4 _aالذاكرة - اضطراب
942 _2ddc
_cCR
999 _c8785
_d8785